[Event "Madrid-chT 2122"]
[Site "Madrid"]
[Date "2022.03.12"]
[Round "13.3"]
[White "Garcia Luengo, Leandro"]
[Black "Fernandez Lledo, Javier"]
[Result "0-1"]
[WhiteElo "2278"]
[BlackElo "2248"]
[PlyCount "170"]
[EventDate "2021.11.27"]
[EventType "team-tourn"]
[EventRounds "14"]
[EventCountry "ESP"]
[SourceTitle "Ajedrez en Madrid"]
[Source "lmi"]
[SourceDate "2021.11.28"]
[SourceVersion "1"]
[SourceVersionDate "2022.03.28"]
[SourceQuality "1"]
[WhiteTeam "Villalba 64"]
[BlackTeam "Alcala de Henares"]
[WhiteTeamCountry "ESP"]
[BlackTeamCountry "ESP"]

1. e4 c5 2. Nf3 e6 3. d4 cxd4 4. Nxd4 Nc6 5. Nc3 Qc7 6. Be3 Nf6 7. f4 d6 8. Qf3
a6 9. O-O-O Be7 10. Rg1 h5 11. h3 Nd7 12. g4 hxg4 13. hxg4 g5 14. f5 Nde5 15.
Qf2 Nxd4 16. Bxd4 Bd7 17. Be2 Qc6 18. Rh1 Rxh1 19. Rxh1 O-O-O 20. f6 Bf8 21.
Qe3 b5 22. a3 Nc4 23. Bxc4 Qxc4 24. Bb6 Re8 25. Rd1 d5 26. e5 Qxg4 27. Rd4 Qf5
28. Nxd5 Bc6 29. Ne7+ Rxe7 30. fxe7 Bxe7 31. b4 Qf3 32. Qxf3 Bxf3 33. Rd3 g4
34. Kd2 Bh4 35. Ke3 Bg5+ 36. Kf2 Bf4 37. Rd8+ Kb7 38. Bd4 Be4 39. Rd7+ Kc6 40.
Rxf7 Bh2 41. Ke3 Bxc2 42. Kf2 Be4 43. Rg7 Kd5 44. Bb2 Bf3 45. Rh7 Bf4 46. Rd7+
Ke4 47. Rd4+ Kf5 48. Rxf4+ Kxf4 49. Bd4 Ke4 50. Bb2 Kd3 51. Kg3 Kc2 52. Bd4 Kb3
53. Bb6 Kxa3 54. Ba5 Kb3 55. Kf4 Kc4 56. Kg3 Kd5 57. Kf4 Kd4 58. Bb6+ Kd5 59.
Ba5 Bd1 60. Bc7 Kc4 61. Ba5 Kd3 62. Bb6 Bf3 63. Ba5 Kc3 64. Ke3 Kc4 65. Kf4 Bd1
66. Kg3 Kd4 67. Kf4 g3 68. Kxg3 Kxe5 69. Kf2 Kd4 70. Ke1 Bg4 71. Kd2 e5 72.
Bb6+ Kc4 73. Ba5 e4 74. Ke3 Bf3 75. Kd2 Kb3 76. Ke3 Kc3 77. Kf2 Kd2 78. Bb6 Bh5
79. Bc5 Bf7 80. Be3+ Kd3 81. Bc5 Bc4 82. Bb6 Bd5 83. Bc5 a5 84. bxa5 Kc3 85.
Ke1 b4 0-1

[Event "Madrid-chT 2122"]
[Site "Madrid"]
[Date "2022.03.12"]
[Round "13.4"]
[White "Palenciano Escolar, Adrian"]
[Black "Lopez del Alamo, Antonio"]
[Result "0-1"]
[WhiteElo "2132"]
[BlackElo "2249"]
[PlyCount "120"]
[EventDate "2021.11.27"]
[EventType "team-tourn"]
[EventRounds "14"]
[EventCountry "ESP"]
[SourceTitle "Ajedrez en Madrid"]
[Source "lmi"]
[SourceDate "2021.11.28"]
[SourceVersion "1"]
[SourceVersionDate "2022.03.28"]
[SourceQuality "1"]
[WhiteTeam "Alcala de Henares"]
[BlackTeam "Villalba 64"]
[WhiteTeamCountry "ESP"]
[BlackTeamCountry "ESP"]

1. d4 Nf6 2. Bg5 e6 3. e4 h6 4. Bxf6 Qxf6 5. c3 d6 6. Bd3 g6 7. Ne2 Bg7 8. O-O
e5 9. f4 Qe7 10. Nd2 O-O 11. Kh1 Nd7 12. f5 Nf6 13. Ng3 h5 14. Nf3 Ng4 15. Qb3
h4 16. h3 Nh6 17. f6 Bxf6 18. Ne2 c6 19. a4 Bg7 20. dxe5 dxe5 21. Rae1 Rb8 22.
Nc1 b5 23. axb5 cxb5 24. Qc2 a5 25. Qf2 g5 26. Kh2 f6 27. Nb3 a4 28. Na1 Rd8
29. Qe2 b4 30. cxb4 Qxb4 31. Bc4+ Kh8 32. Rd1 Bb7 33. b3 Bc6 34. Nc2 Qc3 35.
Rxd8+ Rxd8 36. bxa4 Bxa4 37. Ne3 Rc8 38. Be6 Rd8 39. Nf5 Qc2 40. Qe3 Nxf5 41.
exf5 Qd3 42. Qf2 Qe4 43. Kh1 Bc6 44. Re1 Qb4 45. Rf1 Qa4 46. Qb6 Rf8 47. Qe3
Qf4 48. Qc5 Ba8 49. Kg1 Qg3 50. Qf2 Qxf2+ 51. Rxf2 Rd8 52. Ra2 Bf8 53. Ra6 Bc5+
54. Kf1 Bb7 55. Ra1 e4 56. Nh2 Rd2 57. Ng4 e3 58. Rc1 e2+ 59. Ke1 Bb4 60. Rc4
Ba6 0-1

[Event "Madrid-chT 2122"]
[Site "Madrid"]
[Date "2022.03.12"]
[Round "13.5"]
[White "Perdomo Araujo, Angel Eduardo"]
[Black "Cubillo Munoz, Miguel"]
[Result "1/2-1/2"]
[WhiteElo "2074"]
[BlackElo "2146"]
[PlyCount "34"]
[EventDate "2021.11.27"]
[EventType "team-tourn"]
[EventRounds "14"]
[EventCountry "ESP"]
[SourceTitle "Ajedrez en Madrid"]
[Source "lmi"]
[SourceDate "2021.11.28"]
[SourceVersion "1"]
[SourceVersionDate "2022.03.28"]
[SourceQuality "1"]
[WhiteTeam "Villalba 64"]
[BlackTeam "Alcala de Henares"]
[WhiteTeamCountry "ESP"]
[BlackTeamCountry "ESP"]

1. e4 c5 2. Nf3 g6 3. c3 Bg7 4. d4 cxd4 5. cxd4 Nf6 6. Nc3 d5 7. e5 Ne4 8. Bd3
Nxc3 9. bxc3 O-O 10. O-O Qc7 11. Qb3 Rd8 12. Be3 Nc6 13. Nd2 Na5 14. Qb4 Bf5
15. Bxf5 gxf5 16. Bg5 Rd7 17. Nb3 Nc6 1/2-1/2

[Event "Madrid-chT 2122"]
[Site "Madrid"]
[Date "2022.03.12"]
[Round "13.6"]
[White "Yañez Rodriguez, Wilbert"]
[Black "Blasco de la Cruz, Luis"]
[Result "1-0"]
[WhiteElo "2108"]
[BlackElo "1893"]
[PlyCount "93"]
[EventDate "2021.11.27"]
[EventType "team-tourn"]
[EventRounds "14"]
[EventCountry "ESP"]
[SourceTitle "Ajedrez en Madrid"]
[Source "lmi"]
[SourceDate "2021.11.28"]
[SourceVersion "1"]
[SourceVersionDate "2022.03.28"]
[SourceQuality "1"]
[WhiteTeam "Alcala de Henares"]
[BlackTeam "Villalba 64"]
[WhiteTeamCountry "ESP"]
[BlackTeamCountry "ESP"]

1. Nf3 Nf6 2. g3 g6 3. Bg2 d5 4. O-O Bg7 5. d3 O-O 6. Nbd2 b6 7. e4 dxe4 8. Ng5
Bb7 9. Ndxe4 Nxe4 10. dxe4 Qxd1 11. Rxd1 c5 12. c3 h6 13. Nh3 e5 14. f4 Bc8 15.
Nf2 Kh7 16. Be3 Nc6 17. f5 Rd8 18. Rxd8 Nxd8 19. Rd1 Nc6 20. b3 Bf8 21. g4 a6
22. h4 Ra7 23. Bf1 h5 24. Be2 hxg4 25. Bxg4 gxf5 26. exf5 Rd7 27. Rxd7 Bxd7 28.
Ne4 Bc8 29. Bg5 c4 30. b4 Nxb4 31. cxb4 Bxb4 32. Nf6+ Kg7 33. Nd5 Bc5+ 34. Kf1
Kh7 35. Ke2 b5 36. Be3 Bd4 37. Kd2 a5 38. a3 Kh8 39. Bg5 Kh7 40. Nf6+ Kg7 41.
Ne4 b4 42. axb4 axb4 43. f6+ Kg8 44. Bxc8 b3 45. Ba6 b2 46. Kc2 c3 47. Bd3 1-0

[Event "Madrid-chT 2122"]
[Site "Madrid"]
[Date "2022.03.12"]
[Round "13.2"]
[White "Martinez Fernandez, Raul"]
[Black "Taboas Rodriguez, Daniel"]
[Result "1-0"]
[WhiteElo "2230"]
[BlackElo "2355"]
[PlyCount "77"]
[EventDate "2021.11.27"]
[EventType "team-tourn"]
[EventRounds "14"]
[EventCountry "ESP"]
[SourceTitle "Ajedrez en Madrid"]
[Source "lmi"]
[SourceDate "2021.11.28"]
[SourceVersion "1"]
[SourceVersionDate "2022.03.28"]
[SourceQuality "1"]
[WhiteTeam "San Sebastian de los Reyes"]
[BlackTeam "Blanco y Negro"]
[WhiteTeamCountry "ESP"]
[BlackTeamCountry "ESP"]

1. e4 e6 2. d4 d5 3. Nc3 Nc6 4. e5 f6 5. Nf3 fxe5 6. dxe5 Nh6 7. Bb5 Bd7 8. O-O
Nf5 9. Ng5 Be7 10. Nxd5 Bxg5 11. Bxg5 Qxg5 12. Nxc7+ Ke7 13. f4 Qg6 14. Nxa8
Rxa8 15. Qd3 a6 16. Qa3+ Ke8 17. Rad1 Rc8 18. Bd3 Ncd4 19. Be4 Ne2+ 20. Kf2
Nxf4 21. Qf3 Qg5 22. Kg1 Ng6 23. Bxf5 exf5 24. Rxd7 Rxc2 25. Rxg7 Kf8 26. Qxb7
Rxg2+ 27. Qxg2 Qxg2+ 28. Kxg2 Kxg7 29. Re1 Kf7 30. e6+ Ke7 31. Kg3 Kf6 32. b4
Ne7 33. a4 Nd5 34. b5 a5 35. e7 Nxe7 36. b6 Nc6 37. b7 Kf7 38. Rc1 Nb8 39. Rc8
1-0

[Event "Madrid-chT 2122"]
[Site "Madrid"]
[Date "2022.03.12"]
[Round "13.3"]
[White "Alarcia Astiz, Carlos"]
[Black "Reyes Peñas, Sebastian"]
[Result "0-1"]
[WhiteElo "2294"]
[BlackElo "2171"]
[PlyCount "48"]
[EventDate "2021.11.27"]
[EventType "team-tourn"]
[EventRounds "14"]
[EventCountry "ESP"]
[SourceTitle "Ajedrez en Madrid"]
[Source "lmi"]
[SourceDate "2021.11.28"]
[SourceVersion "1"]
[SourceVersionDate "2022.03.28"]
[SourceQuality "1"]
[WhiteTeam "Blanco y Negro"]
[BlackTeam "San Sebastian de los Reyes"]
[WhiteTeamCountry "ESP"]
[BlackTeamCountry "ESP"]

1. e4 c5 2. Nf3 a6 3. d4 cxd4 4. Nxd4 Nf6 5. Nc3 e5 6. Nb3 Bb4 7. Qd3 d5 8.
exd5 Qxd5 9. Bd2 Qxd3 10. Bxd3 Nc6 11. O-O Be6 12. Rad1 O-O-O 13. Rfe1 Rhe8 14.
h3 h6 15. Nc1 Nd7 16. a3 Be7 17. f4 Nc5 18. fxe5 Bh4 19. Re2 Nxd3 20. Nxd3 Bc4
21. Bf4 Rd4 22. Re4 Red8 23. Rxd4 Nxd4 24. Ne1 Ne2+ 0-1

[Event "Madrid-chT 2122"]
[Site "Madrid"]
[Date "2022.03.12"]
[Round "13.4"]
[White "Hernandez Ramos, David"]
[Black "Renteria Becerra, Jorge Elicer"]
[Result "1/2-1/2"]
[WhiteElo "2105"]
[BlackElo "2260"]
[PlyCount "59"]
[EventDate "2021.11.27"]
[EventType "team-tourn"]
[EventRounds "14"]
[EventCountry "ESP"]
[SourceTitle "Ajedrez en Madrid"]
[Source "lmi"]
[SourceDate "2021.11.28"]
[SourceVersion "1"]
[SourceVersionDate "2022.03.28"]
[SourceQuality "1"]
[WhiteTeam "San Sebastian de los Reyes"]
[BlackTeam "Blanco y Negro"]
[WhiteTeamCountry "ESP"]
[BlackTeamCountry "ESP"]

1. d4 Nf6 2. c4 e6 3. Nc3 Bb4 4. e3 O-O 5. Bd3 d5 6. Nf3 c5 7. cxd5 exd5 8.
dxc5 Bxc5 9. O-O Nc6 10. h3 a6 11. a3 Be6 12. b4 Bd6 13. Bb2 Rc8 14. Ne2 Qe7
15. Ned4 Ne4 16. Rc1 Nxd4 17. Bxd4 a5 18. Qb3 axb4 19. axb4 Qd7 20. Qb1 Rfe8
21. Rxc8 Rxc8 22. Rd1 Qa4 23. b5 h6 24. Rc1 Rxc1+ 25. Qxc1 Qb3 26. Qc2 Qb4 27.
Qb2 f6 28. Qa2 Qa3 29. Qc2 Bd7 30. Nd2 1/2-1/2

[Event "Madrid-chT 2122"]
[Site "Madrid"]
[Date "2022.03.12"]
[Round "13.5"]
[White "Hidalgo Duque, Carlos"]
[Black "Calvo Gutierrez, Hector"]
[Result "1-0"]
[WhiteElo "2243"]
[BlackElo "1832"]
[PlyCount "77"]
[EventDate "2021.11.27"]
[EventType "team-tourn"]
[EventRounds "14"]
[EventCountry "ESP"]
[SourceTitle "Ajedrez en Madrid"]
[Source "lmi"]
[SourceDate "2021.11.28"]
[SourceVersion "1"]
[SourceVersionDate "2022.03.28"]
[SourceQuality "1"]
[WhiteTeam "Blanco y Negro"]
[BlackTeam "San Sebastian de los Reyes"]
[WhiteTeamCountry "ESP"]
[BlackTeamCountry "ESP"]

1. Nf3 Nf6 2. c4 e6 3. g3 d5 4. d4 Bb4+ 5. Bd2 Be7 6. Bg2 O-O 7. O-O b6 8. cxd5
exd5 9. Nc3 Re8 10. Rc1 Bb7 11. Bf4 c6 12. Ne5 Nbd7 13. e4 dxe4 14. Nxe4 Nxe5
15. dxe5 Nd5 16. Qf3 Nxf4 17. Qxf4 Qc7 18. Nd6 Bxd6 19. exd6 Qd7 20. Rfe1 c5
21. Bxb7 Qxb7 22. Rcd1 Qd7 23. h4 Rad8 24. h5 h6 25. Kh2 Re6 26. Rxe6 Qxe6 27.
Rd3 Kf8 28. a4 a6 29. Qd2 Rd7 30. Rd5 Qe4 31. a5 bxa5 32. Rxc5 Qb7 33. Qc2 Rd8
34. Rc7 Qd5 35. Qh7 Qxh5+ 36. Kg2 Qd5+ 37. f3 f5 38. Qxg7+ Ke8 39. Qe7# 1-0

[Event "Madrid-chT 2122"]
[Site "Madrid"]
[Date "2022.03.12"]
[Round "13.6"]
[White "Vega De Alba, Miguel"]
[Black "Balbuena Fuentes, Mario"]
[Result "0-1"]
[WhiteElo "1786"]
[BlackElo "2267"]
[PlyCount "44"]
[EventDate "2021.11.27"]
[EventType "team-tourn"]
[EventRounds "14"]
[EventCountry "ESP"]
[SourceTitle "Ajedrez en Madrid"]
[Source "lmi"]
[SourceDate "2021.11.28"]
[SourceVersion "1"]
[SourceVersionDate "2022.03.28"]
[SourceQuality "1"]
[WhiteTeam "San Sebastian de los Reyes"]
[BlackTeam "Blanco y Negro"]
[WhiteTeamCountry "ESP"]
[BlackTeamCountry "ESP"]

1. d4 e6 2. c4 b6 3. Nc3 Bb4 4. e4 Bb7 5. Bd3 f5 6. d5 fxe4 7. Bxe4 Qh4 8. Qe2
Nf6 9. Bf3 O-O 10. Be3 Ne4 11. Qd3 exd5 12. Nge2 Nxc3 13. Nxc3 dxc4 14. Bd5+
Kh8 15. Qxc4 Qxc4 16. Bxc4 d5 17. Bd3 d4 18. Bxd4 Rd8 19. O-O-O Rxd4 20. Be4
Rxd1+ 21. Rxd1 Nc6 22. Nd5 Bd6 0-1

[Event "Madrid-chT 2122"]
[Site "Madrid"]
[Date "2022.03.13"]
[Round "13.1"]
[White "Elissalt Cardenas, Hector"]
[Black "Vazquez Igarza, Renier"]
[Result "0-1"]
[WhiteElo "2290"]
[BlackElo "2533"]
[PlyCount "88"]
[EventDate "2021.11.27"]
[EventType "team-tourn"]
[EventRounds "14"]
[EventCountry "ESP"]
[SourceTitle "Ajedrez en Madrid"]
[Source "lmi"]
[SourceDate "2021.11.28"]
[SourceVersion "1"]
[SourceVersionDate "2022.03.28"]
[SourceQuality "1"]
[WhiteTeam "Tajamar"]
[BlackTeam "Collado Villalba"]
[WhiteTeamCountry "ESP"]
[BlackTeamCountry "ESP"]

1. d4 Nf6 2. c4 e6 3. Nc3 Bb4 4. f3 c5 5. d5 O-O 6. e4 exd5 7. cxd5 Re8 8. Nge2
d6 9. Ng3 Nbd7 10. Be2 a6 11. O-O Ne5 12. Kh1 Rb8 13. a3 Ba5 14. Rb1 b5 15. b4
cxb4 16. axb4 Bb6 17. Qd2 Ng6 18. Bb2 h5 19. Nf5 Bxf5 20. exf5 Be3 21. Qd1 Nf4
22. g3 Nxe2 23. Nxe2 Qc8 24. Bxf6 gxf6 25. Qd3 Re5 26. Rb3 Qc4 27. Rfb1 Rbe8
28. Rc3 Qxd5 29. Qxd5 Rxd5 30. Rc2 Rxf5 31. Kg2 Rd5 32. Nc3 Rd4 33. Ra2 Rc8 34.
Ne4 Kg7 35. Rb3 Bh6 36. Rbb2 f5 37. Nf2 Bc1 38. Rb3 Rd2 39. Rxd2 Bxd2 40. f4
Rc4 41. Nd3 Rc3 42. Rxc3 Bxc3 43. Kf3 Kf6 44. Ke2 Ke6 0-1

[Event "Madrid-chT 2122"]
[Site "Madrid"]
[Date "2022.03.13"]
[Round "13.2"]
[White "Pulvett Marin, Daniel Eduardo"]
[Black "Rodriguez Lopez, David"]
[Result "1-0"]
[WhiteElo "2498"]
[BlackElo "2145"]
[PlyCount "101"]
[EventDate "2021.11.27"]
[EventType "team-tourn"]
[EventRounds "14"]
[EventCountry "ESP"]
[SourceTitle "Ajedrez en Madrid"]
[Source "lmi"]
[SourceDate "2021.11.28"]
[SourceVersion "1"]
[SourceVersionDate "2022.03.28"]
[SourceQuality "1"]
[WhiteTeam "Collado Villalba"]
[BlackTeam "Tajamar"]
[WhiteTeamCountry "ESP"]
[BlackTeamCountry "ESP"]

1. d4 d5 2. c4 e6 3. Nf3 Nf6 4. g3 Bb4+ 5. Bd2 Be7 6. Bg2 O-O 7. O-O Nbd7 8.
Qc2 c6 9. Rd1 b6 10. b3 Bb7 11. Bc3 Rc8 12. Nbd2 c5 13. dxc5 bxc5 14. cxd5 exd5
15. Ne5 Nxe5 16. Bxe5 Qb6 17. e3 Rfe8 18. Rac1 Ng4 19. Bb2 Qh6 20. Nf1 Red8 21.
Qf5 Qg6 22. Qxg6 hxg6 23. Rc2 Nf6 24. Bxf6 Bxf6 25. Rcd2 Bc3 26. Rd3 Ba5 27.
Bxd5 Ba6 28. Bc4 Bxc4 29. Rxd8+ Bxd8 30. bxc4 Rb8 31. Rd5 Kf8 32. Nd2 Ke7 33.
Nb3 Rb4 34. Re5+ Kd6 35. Rd5+ Ke7 36. Rxc5 Bb6 37. Re5+ Kd6 38. Re4 Bc5 39.
Nxc5 Kxc5 40. Re7 Ra4 41. Rc7+ Kb6 42. Rxf7 Rxa2 43. Rxg7 a5 44. Rxg6+ Kb7 45.
h4 a4 46. c5 a3 47. Rb6+ Ka7 48. Rb3 Ka6 49. h5 Ra1+ 50. Kg2 a2 51. Ra3+ 1-0

[Event "Madrid-chT 2122"]
[Site "Madrid"]
[Date "2022.03.13"]
[Round "13.4"]
[White "Quispe Arteaga, Gabriel"]
[Black "De Dompablo Fantova, Juan"]
[Result "1-0"]
[WhiteElo "2389"]
[BlackElo "1670"]
[PlyCount "85"]
[EventDate "2021.11.27"]
[EventType "team-tourn"]
[EventRounds "14"]
[EventCountry "ESP"]
[SourceTitle "Ajedrez en Madrid"]
[Source "lmi"]
[SourceDate "2021.11.28"]
[SourceVersion "1"]
[SourceVersionDate "2022.03.28"]
[SourceQuality "1"]
[WhiteTeam "Collado Villalba"]
[BlackTeam "Tajamar"]
[WhiteTeamCountry "ESP"]
[BlackTeamCountry "ESP"]

1. c4 e5 2. Nc3 Nc6 3. g3 f5 4. Bg2 Nf6 5. d3 Bb4 6. Nf3 Bxc3+ 7. bxc3 d6 8.
O-O O-O 9. Rb1 Qe8 10. Nd2 e4 11. Nb3 b6 12. Bg5 Be6 13. f3 exd3 14. exd3 Rd8
15. Re1 Qf7 16. Rb2 h6 17. Be3 Rfe8 18. Rbe2 Bd7 19. h3 Nh5 20. Bf2 f4 21. g4
Ng3 22. Rxe8+ Rxe8 23. Qd2 Rxe1+ 24. Qxe1 Ne5 25. Nc1 Qg6 26. Bxg3 fxg3 27. Qe3
Bc6 28. f4 Bxg2 29. Kxg2 Nd7 30. Kxg3 Nc5 31. f5 Qg5 32. Qxg5 hxg5 33. Kf3 Kf7
34. Ke3 Kf6 35. Ne2 Nd7 36. Ng3 Kf7 37. Ne4 Nf6 38. Nxg5+ Ke7 39. Ne6 Ne8 40.
Nf4 c5 41. Nd5+ Kf7 42. g5 g6 43. f6 1-0

[Event "Madrid-chT 2122"]
[Site "Madrid"]
[Date "2022.03.13"]
[Round "13.5"]
[White "Valiente Uruena, Sergio"]
[Black "Alonso Garcia, Aaron"]
[Result "0-1"]
[WhiteElo "1735"]
[BlackElo "2373"]
[PlyCount "148"]
[EventDate "2021.11.27"]
[EventType "team-tourn"]
[EventRounds "14"]
[EventCountry "ESP"]
[SourceTitle "Ajedrez en Madrid"]
[Source "lmi"]
[SourceDate "2021.11.28"]
[SourceVersion "1"]
[SourceVersionDate "2022.03.28"]
[SourceQuality "1"]
[WhiteTeam "Tajamar"]
[BlackTeam "Collado Villalba"]
[WhiteTeamCountry "ESP"]
[BlackTeamCountry "ESP"]

1. d4 Nf6 2. c4 e6 3. g3 Bb4+ 4. Bd2 Qe7 5. Bg2 Nc6 6. Nf3 Bxd2+ 7. Nbxd2 d6 8.
O-O O-O 9. Qc2 e5 10. e3 Re8 11. d5 Nb8 12. e4 a5 13. Ne1 Bg4 14. Nb1 Na6 15.
Nd3 c6 16. Nc3 Reb8 17. a4 Nd7 18. h3 Bh5 19. Rab1 Nb4 20. Qd2 Nxd3 21. Qxd3
Nc5 22. Qc2 f6 23. b4 axb4 24. Rxb4 Be8 25. Rfb1 Qc7 26. Bf3 Ra6 27. Bd1 Rba8
28. Kg2 Bg6 29. g4 Qd8 30. f3 Be8 31. Qd2 cxd5 32. cxd5 Ra5 33. R1b2 Bd7 34.
Kg3 Kh8 35. Kh2 R8a7 36. Bc2 Qa8 37. Nb5 Bxb5 38. axb5 Ra2 39. Bb1 Rxb2 40.
Rxb2 Ra3 41. Ra2 Kg8 42. Qb2 Rxa2 43. Bxa2 Qa5 44. Bc4 Kf8 45. Kg3 Ke7 46. Kf2
Kd8 47. h4 Kc7 48. h5 h6 49. Ke2 Kb6 50. Qd2 Qxd2+ 51. Kxd2 Ka5 52. Kc3 b6 53.
Be2 Ka4 54. Bc4 Ka3 55. Be2 Nb3 56. Bd1 Nd4 57. Kd3 Nxb5 58. Kc4 Nd4 59. Kc3 b5
60. Kd3 b4 61. Kc4 b3 62. Bxb3 Nxb3 63. Kb5 Nd4+ 64. Kb6 Kb4 65. Kc7 Kc5 66.
Kd7 Nxf3 67. Ke7 Nh2 68. Kf7 Nxg4 69. Kxg7 Kd4 70. Kf7 Kxe4 71. Ke6 f5 72. Kxd6
Nf6 73. Ke6 Nxd5 74. Kf7 Nf4 0-1

[Event "Madrid-chT 2122"]
[Site "Madrid"]
[Date "2022.03.13"]
[Round "13.6"]
[White "Suarez Uriel, Adrian"]
[Black "De los Rios Camacho, Juan Antoni"]
[Result "1-0"]
[WhiteElo "2359"]
[BlackElo "1597"]
[PlyCount "51"]
[EventDate "2021.11.27"]
[EventType "team-tourn"]
[EventRounds "14"]
[EventCountry "ESP"]
[SourceTitle "Ajedrez en Madrid"]
[Source "lmi"]
[SourceDate "2021.11.28"]
[SourceVersion "1"]
[SourceVersionDate "2022.03.28"]
[SourceQuality "1"]
[WhiteTeam "Collado Villalba"]
[BlackTeam "Tajamar"]
[WhiteTeamCountry "ESP"]
[BlackTeamCountry "ESP"]

1. e4 e5 2. Nf3 d6 3. d4 Nd7 4. Bc4 c6 5. dxe5 Nxe5 6. Nxe5 Qa5+ 7. Nc3 dxe5 8.
Qh5 g6 9. Qf3 Qc7 10. Bg5 Bh6 11. h4 Bxg5 12. hxg5 Qe7 13. Qe3 Be6 14. Bxe6
Qxe6 15. O-O-O Ne7 16. Rh6 f5 17. Qh3 Qf7 18. Rh1 fxe4 19. Rxh7 Qf4+ 20. Kb1
Rxh7 21. Qxh7 Rd8 22. Qh8+ Qf8 23. Qxe5 Kd7 24. Nxe4 Nd5 25. c4 Ne7 26. Rh7 1-0

[Event "Madrid-chT 2122"]
[Site "Madrid"]
[Date "2022.03.13"]
[Round "13.1"]
[White "Corral Blanco, Juan Antonio"]
[Black "Almagro Llamas, Pablo"]
[Result "1-0"]
[WhiteElo "2416"]
[BlackElo "2405"]
[PlyCount "51"]
[EventDate "2021.11.27"]
[EventType "team-tourn"]
[EventRounds "14"]
[EventCountry "ESP"]
[SourceTitle "Ajedrez en Madrid"]
[Source "lmi"]
[SourceDate "2021.11.28"]
[SourceVersion "1"]
[SourceVersionDate "2022.03.28"]
[SourceQuality "1"]
[WhiteTeam "La Didactica"]
[BlackTeam "Virgen de Atocha"]
[WhiteTeamCountry "ESP"]
[BlackTeamCountry "ESP"]

1. d4 Nf6 2. c4 e6 3. Nf3 b6 4. g3 Ba6 5. Qc2 c5 6. d5 exd5 7. cxd5 Bb7 8. Bg2
Nxd5 9. O-O Nc7 10. Rd1 Be7 11. Nc3 Qc8 12. Bf4 Ne6 13. Nd5 Bxd5 14. Rxd5 Nc6
15. a3 O-O 16. Rad1 Bf6 17. e3 Rd8 18. Bd6 Nc7 19. Rf5 Ne8 20. Ng5 g6 21. Rxf6
Nxf6 22. Qc3 Ne8 23. Nxf7 Ng7 24. Nh6+ Kh8 25. Qc4 Ne6 26. Bxc6 1-0

[Event "Madrid-chT 2122"]
[Site "Madrid"]
[Date "2022.03.13"]
[Round "13.2"]
[White "Vallejo Diaz, Jesus"]
[Black "Rottenwohrer Suarez, Juan"]
[Result "1-0"]
[WhiteElo "2221"]
[BlackElo "2259"]
[PlyCount "103"]
[EventDate "2021.11.27"]
[EventType "team-tourn"]
[EventRounds "14"]
[EventCountry "ESP"]
[SourceTitle "Ajedrez en Madrid"]
[Source "lmi"]
[SourceDate "2021.11.28"]
[SourceVersion "1"]
[SourceVersionDate "2022.03.28"]
[SourceQuality "1"]
[WhiteTeam "Virgen de Atocha"]
[BlackTeam "La Didactica"]
[WhiteTeamCountry "ESP"]
[BlackTeamCountry "ESP"]

1. e4 c5 2. Nf3 g6 3. c3 d5 4. exd5 Qxd5 5. d4 Bg7 6. dxc5 Qxc5 7. Be3 Qc7 8.
Na3 Bxc3+ 9. Nd2 Bxb2 10. Nb5 Qa5 11. Qc2 Nc6 12. Qxb2 Nf6 13. Nd4 Nxd4 14.
Bxd4 O-O 15. Be2 Ne4 16. f3 Nc5 17. Qb5 Qxb5 18. Bxb5 Ne6 19. Be3 a6 20. Be2 b5
21. Kf2 Bb7 22. Nb3 Bd5 23. Rhd1 Rfd8 24. Nc5 Nxc5 25. Bxc5 e6 26. a3 Rdc8 27.
Rac1 Rc7 28. Bd6 Rb7 29. Rc7 Rb6 30. Be5 Rc6 31. Rxc6 Bxc6 32. Rd6 Rc8 33. Bf6
a5 34. Bd1 b4 35. a4 Bd5 36. Rd8+ Rxd8 37. Bxd8 b3 38. Bf6 h6 39. Ke3 g5 40.
Kd2 Kh7 41. Kc3 Kg6 42. Bd8 g4 43. Bxa5 Kg5 44. Bc7 f6 45. a5 e5 46. Bd8 e4 47.
fxe4 Bxe4 48. g3 h5 49. Bxb3 h4 50. gxh4+ Kxh4 51. Bxf6+ Kh3 52. Be5 1-0

[Event "Madrid-chT 2122"]
[Site "Madrid"]
[Date "2022.03.13"]
[Round "13.3"]
[White "Arriaga Lugo, Ricardo"]
[Black "Vazquez Torres, Adrian"]
[Result "1/2-1/2"]
[WhiteElo "2174"]
[BlackElo "2197"]
[PlyCount "113"]
[EventDate "2021.11.27"]
[EventType "team-tourn"]
[EventRounds "14"]
[EventCountry "ESP"]
[SourceTitle "Ajedrez en Madrid"]
[Source "lmi"]
[SourceDate "2021.11.28"]
[SourceVersion "1"]
[SourceVersionDate "2022.03.28"]
[SourceQuality "1"]
[WhiteTeam "La Didactica"]
[BlackTeam "Virgen de Atocha"]
[WhiteTeamCountry "ESP"]
[BlackTeamCountry "ESP"]

1. d4 Nf6 2. Bf4 e6 3. e3 c6 4. c4 g5 5. Bg3 h5 6. f3 Bh6 7. Bf2 d5 8. Nc3 Nbd7
9. Bd3 e5 10. cxd5 Nxd5 11. Nge2 Qe7 12. Nxd5 cxd5 13. Qb3 exd4 14. Nxd4 Nc5
15. Bb5+ Kf8 16. Qc3 Bg7 17. O-O a6 18. Be2 Ne6 19. Rac1 Bxd4 20. exd4 Nf4 21.
Bd3 Bf5 22. Rfe1 Qf6 23. Bxf5 Qxf5 24. Qc2 Qf6 25. Be3 Kg7 26. Bxf4 Qxf4 27.
Qd3 Rae8 28. g3 Qf6 29. Kg2 h4 30. Rxe8 Rxe8 31. Rc2 Qe6 32. Qd2 Kg6 33. Qd3+
Kh6 34. Qd2 hxg3 35. hxg3 Kg6 36. Qf2 g4 37. Rc3 f5 38. Rb3 b5 39. Rc3 b4 40.
Rc5 Rh8 41. Qc2 gxf3+ 42. Kxf3 Rh2 43. Rc6 Rxc2 44. Rxe6+ Kg5 45. Rxa6 Rxb2 46.
Ra5 Rc2 47. Rxd5 Rxa2 48. Rb5 Ra3+ 49. Kf2 Rb3 50. d5 Kf6 51. d6 Ke6 52. d7
Kxd7 53. Rxf5 Rc3 54. Rb5 b3 55. g4 Ke6 56. Ke2 Rh3 57. Kd2 1/2-1/2